| 000 | 00000nam 2200000zi 4500 |
| 001 | 9.898588 |
| 003 | CaOODSP |
| 005 | 20240723085111 |
| 006 | m o d f |
| 007 | cr |n||||||||| |
| 008 | 210413s1977 onc o f000 0|eng d |
| 040 | |aCaOODSP|beng|erda|cCaOODSP |
| 043 | |an-cn-ns|an-cn--- |
| 086 | 1 |aRE24-70/1977E-PDF |
| 245 | 00|aSubsidiary agreement, tourism development, Canada/Nova Scotia. |
| 246 | 33|aCanada-Nova Scotia Subsidiary Agreement, Tourism Development |
| 264 | 1|a[Ottawa] : |bGovernment of Canada, Regional Economic Expansion, |c[1977] |
| 300 | |a1 online resource (31 pages, 2 unnumbered pages) |
| 336 | |atext|btxt|2rdacontent |
| 337 | |acomputer|bc|2rdamedia |
| 338 | |aonline resource|bcr|2rdacarrier |
| 500 | |aDigitized edition from print [produced by Innovation, Science and Economic Development Canada]. |
| 500 | |aIssued also in French under title: Entente auxiliaire sur le développement touristique, Canada/Nouvelle-Écosse. |
| 650 | 0|aTourism|xGovernment policy|zNova Scotia. |
| 650 | 0|aEconomic assistance, Domestic|zNova Scotia. |
| 651 | 0|aNova Scotia|xEconomic policy. |
| 710 | 1 |aCanada. |bDepartment of Regional Economic Expansion, |eissuing body. |
| 775 | 08|tEntente auxiliaire sur le développement touristique, Canada/Nouvelle-Écosse.|w(CaOODSP)9.940873 |
| 856 | 40|qPDF|s759 KB|uhttps://publications.gc.ca/collections/collection_2024/isde-ised/re24/RE24-70-1977-eng.pdf |